000 00899nam a2200277 i 4500
001 000049167
003 DO-SdBNP
005 20240411202003.0
007 ta
008 190724s2005 dr 000 0 spa d
040 _aDO-SdBNP
_bspa
_cBNPHU
_erda
082 _bR426p
_222
110 _aRepública Dominicana.
_bSecretaría de Estado de Interior y Policia
_954546
245 0 0 _aConversión américana sobre derechos humanos
264 _aSanto Domingo :
_bPlan de Seguridad Democrática,
_c2005
300 _a72 paginas ;
_c15 cm.
336 _2rdacontent
_atexto
_btxt
337 _2rdamedia
_asin mediación
_bn
338 _2rdacarrier
_avolumen
_bnc
490 1 _aDerechos ciudadanos
_v12
590 _aInventariado, 2023/DG
650 0 _aDerechos humanos
_9658
710 2 _aSecretaría de Estado de Interior y Policía (República Dominicana)
_976495
910 _aDG
942 _2ddc
_cLF2
999 _c54287
_d54287